[Event "I Festival"]
[Site "Perugia ITA"]
[Date "2009.07.03"]
[Round "8"]
[White "Romano, Claudio"]
[Black "Bonucci, Riccardo"]
[Result "1-0"]
[WhiteElo "1572"]
[BlackElo "1714"]
[PlyCount "117"]
[EventDate "2009.06.27"]

1. c4 Nf6 2. d4 c5 3. d5 e6 4. Bg5 h6 5. Bh4 Qa5+ 6. Qd2 Qxd2+ 7. Nxd2 g5 8.
Bg3 exd5 9. Be5 Bg7 10. cxd5 O-O 11. e4 Re8 12. Bxf6 Bxf6 13. O-O-O d6 14. g3
Be5 15. Ne2 Bg4 16. f3 Bh5 17. Bh3 Na6 18. Bf5 Nb4 19. Rhf1 Nxa2+ 20. Kb1 Nb4
21. g4 Bg6 22. Nc4 Bxf5 23. gxf5 f6 24. f4 gxf4 25. Nxf4 Kf7 26. Ne6 Rg8 27.
Rg1 Rxg1 28. Rxg1 Rg8 29. Rxg8 Kxg8 30. Nxe5 fxe5 31. Nd8 Kf8 32. Nxb7 Ke7 33.
f6+ Kxf6 34. Nxd6 Nd3 35. Nf5 Nf2 36. Ng3 Ke7 37. Kc2 h5 38. h4 c4 39. Kc3 Nd1+
40. Kxc4 Nxb2+ 41. Kb5 a5 42. Kxa5 Nc4+ 43. Kb5 Nd2 44. Kc6 Kd8 45. Kd6 Nf3 46.
Nxh5 Nxh4 47. Kxe5 Nf3+ 48. Kd6 Ng5 49. Nf6 Nf7+ 50. Ke6 Ng5+ 51. Kf5 Nf7 52.
e5 Ke7 53. Ne4 Nh6+ 54. Kf4 Nf7 55. e6 Nd8 56. Kf5 Ke8 57. d6 Nc6 58. Nf6+ Kd8
59. Nd5 {...} 1-0

[Event "I Festival"]
[Site "Perugia ITA"]
[Date "2009.07.03"]
[Round "8"]
[White "Saponara, Nicola"]
[Black "Nepi, Ezio"]
[Result "1-0"]
[WhiteElo "1808"]
[BlackElo "1848"]
[PlyCount "109"]
[EventDate "2009.06.27"]

1. e4 c5 2. Nf3 d6 3. d4 cxd4 4. Nxd4 Nf6 5. Nc3 Nc6 6. Bc4 e5 7. Nb3 Be6 8.
Bxe6 fxe6 9. Bg5 Be7 10. Qd2 O-O 11. O-O-O a5 12. a4 Nb4 13. Kb1 Rc8 14. Bxf6
Rxf6 15. Qe2 Qb6 16. Rd2 Na6 17. Qb5 Qxb5 18. axb5 Nc5 19. Nxa5 Rff8 20. b4 Nb3
21. Nxb3 Rxc3 22. Kb2 Rc4 23. c3 Rfc8 24. Na5 Rxe4 25. Nxb7 d5 26. f3 Rec4 27.
Na5 R4c7 28. Nc6 Bf6 29. Kb3 Rb7 30. Re1 Rxb5 31. Na7 Rbb8 32. Nxc8 Rxc8 33.
Rd3 Kf7 34. Rc1 Rc4 35. Ra1 Kg6 36. Ra4 Be7 37. Re3 Kf5 38. g3 Bg5 39. Re2 Bf6
40. b5 Rc8 41. b6 Be7 42. Ra7 Kf6 43. Rc7 Rb8 44. b7 Bd8 45. Rd7 d4 46. c4 e4
47. fxe4 e5 48. Ra2 Ke6 49. Rxg7 Be7 50. Ra6+ Kd7 51. Rb6 h6 52. Kc2 Ke8 53.
Rxh6 Rxb7 54. Rh8+ Kd7 55. Rxe7+ 1-0

[Event "I Festival"]
[Site "Perugia ITA"]
[Date "2009.07.03"]
[Round "8"]
[White "Tiengo, Davide"]
[Black "Pichler, Christoph"]
[Result "1/2-1/2"]
[WhiteElo "2070"]
[BlackElo "1831"]
[PlyCount "30"]
[EventDate "2009.06.27"]

1. d4 d5 2. c4 e6 3. Nc3 Nf6 4. Nf3 c6 5. Bg5 Nbd7 6. e3 Qa5 7. Nd2 Bb4 8. Qc2
O-O 9. h4 e5 10. Bxf6 Nxf6 11. dxe5 Ne4 12. Ndxe4 dxe4 13. a3 Bxc3+ 14. Qxc3
Qxc3+ 15. bxc3 Re8 1/2-1/2

[Event "I Festival"]
[Site "Perugia ITA"]
[Date "2009.07.03"]
[Round "8"]
[White "Vuelban, Virgilio"]
[Black "Cuppone, Damiano"]
[Result "1-0"]
[WhiteElo "2422"]
[BlackElo "1933"]
[PlyCount "59"]
[EventDate "2009.06.27"]

1. e4 c5 2. Nf3 e6 3. d4 cxd4 4. Nxd4 Nf6 5. Bd3 d6 6. c4 Be7 7. Nc3 Nbd7 8.
O-O a6 9. Be3 b6 10. Nc6 Qc7 11. Nxe7 Kxe7 12. f4 Bb7 13. Re1 Rhd8 14. Rc1 Nc5
15. Bd4 Rac8 16. Bb1 Kf8 17. Bxf6 gxf6 18. Qh5 Nd7 19. Qh6+ Ke7 20. Nd5+ Bxd5
21. exd5 Qc5+ 22. Kh1 e5 23. Bf5 Qd4 24. fxe5 fxe5 25. Rf1 Rxc4 26. Qg5+ Ke8
27. Be6 Nf8 28. Bxf7+ Kd7 29. Be6+ Nxe6 30. dxe6+ 1-0

[Event "I Festival"]
[Site "Perugia ITA"]
[Date "2009.07.03"]
[Round "9"]
[White "Barletta, Mauro"]
[Black "Leon Hoyos, Manuel"]
[Result "0-1"]
[WhiteElo "2224"]
[BlackElo "2527"]
[PlyCount "109"]
[EventDate "2009.06.27"]

1. e4 c5 2. c3 g6 3. Nf3 Bg7 4. d4 cxd4 5. cxd4 d5 6. e5 Bg4 7. Bb5+ Nc6 8. O-O
Rc8 9. Nc3 e6 10. Bxc6+ bxc6 11. Na4 Nh6 12. h3 Bxf3 13. Qxf3 Nf5 14. Qd3 Qa5
15. b3 Qb5 16. Qd1 c5 17. Nxc5 Nxd4 18. Qxd4 Qxc5 19. Be3 Qxd4 20. Bxd4 Kd7 21.
Rfc1 a6 22. g3 h5 23. h4 Rhe8 24. Kf1 Bf8 25. Ke2 Ba3 26. Rxc8 Rxc8 27. Kd3 Kc6
28. Re1 Kb5 29. Re2 Rc1 30. Be3 Rd1+ 31. Kc2 Ra1 32. Kd3 Bc5 33. Bxc5 Kxc5 34.
Rc2+ Kb6 35. Ke2 a5 36. Kd3 Re1 37. Rc8 Rxe5 38. Rf8 f5 39. Rf6 Kc5 40. Rxg6
Re1 41. Rh6 Rd1+ 42. Ke2 Ra1 43. Rxe6 Rxa2+ 44. Kf3 Rb2 45. Re3 Kb4 46. Kf4 d4
47. Rd3 Rxf2+ 48. Kg5 Kc5 49. Kxh5 Kd5 50. g4 fxg4 51. Kxg4 Ke4 52. Rd1 d3 53.
Kg3 Re2 54. h5 d2 55. h6 0-1

[Event "I Festival"]
[Site "Perugia ITA"]
[Date "2009.07.03"]
[Round "9"]
[White "Bertolini, Ettore"]
[Black "Tiengo, Davide"]
[Result "0-1"]
[WhiteElo "1856"]
[BlackElo "2070"]
[PlyCount "90"]
[EventDate "2009.06.27"]

1. e4 c5 2. Nf3 Nf6 3. Nc3 d6 4. d4 cxd4 5. Nxd4 g6 6. Be3 Bg7 7. Be2 O-O 8.
O-O Nc6 9. f4 Bd7 10. h3 Rc8 11. Qd2 Na5 12. Rad1 Nc4 13. Bxc4 Rxc4 14. Qd3 Rc8
15. Nde2 Qa5 16. e5 Bf5 17. Qd4 dxe5 18. fxe5 Rfd8 19. Qxa7 Qxa7 20. Bxa7 Ne4
21. Bb6 Rxd1 22. Rxd1 Bxe5 23. Nxe4 Bxe4 24. c3 f6 25. Kf2 Kf7 26. Ng1 Ra8 27.
a3 Ra6 28. Be3 h5 29. Nf3 Bd6 30. Nd4 h4 31. Ne2 g5 32. Nd4 Bg3+ 33. Kf1 Rd6
34. Rd2 e5 35. Nf3 Bd3+ 36. Kg1 Ke6 37. Bf2 Bf4 38. Rd1 b5 39. Bc5 Rd5 40. b4
Be2 41. Rxd5 Kxd5 42. Kf2 Bxf3 43. Kxf3 f5 44. Bf2 Kc4 45. Be1 Kd3 0-1

[Event "I Festival"]
[Site "Perugia ITA"]
[Date "2009.07.03"]
[Round "9"]
[White "Bonucci, Riccardo"]
[Black "Calisti, Simone"]
[Result "1-0"]
[WhiteElo "1714"]
[BlackElo "1368"]
[PlyCount "87"]
[EventDate "2009.06.27"]

1. e4 e5 2. Nf3 Nc6 3. d4 exd4 4. Nxd4 Nf6 5. Nc3 Bb4 6. Nxc6 bxc6 7. Bd3 d6 8.
O-O O-O 9. Bg5 h6 10. Bh4 g5 11. Bg3 Bc5 12. h4 Bg4 13. Be2 Qd7 14. hxg5 hxg5
15. Qd2 Nh7 16. Na4 Bb6 17. Nxb6 cxb6 18. Bd3 f5 19. exf5 Bxf5 20. Bxf5 Rxf5
21. Qxd6 Qxd6 22. Bxd6 b5 23. Rad1 Nf6 24. b3 a5 25. c4 bxc4 26. bxc4 Kg7 27.
Rfe1 g4 28. Re7+ Kg6 29. Rde1 Rh8 30. Kf1 Nh5 31. R1e6+ Kg5 32. Re5 Ng3+ 33.
Ke1 Rh1+ 34. Kd2 Nf1+ 35. Ke2 Rg1 36. Rxf5+ Kxf5 37. Rc7 Ke4 38. Rxc6 Kd4 39.
Bf4 Kc3 40. Rd6 Kxc4 41. Rd1 g3 42. Rxf1 Rxg2 43. Bxg3 Kc3 44. Kf3 1-0

[Event "I Festival"]
[Site "Perugia ITA"]
[Date "2009.07.03"]
[Round "9"]
[White "Castellano, Alfonso"]
[Black "Bighiu, Gheorghe"]
[Result "1/2-1/2"]
[WhiteElo "1953"]
[BlackElo "2045"]
[PlyCount "25"]
[EventDate "2009.06.27"]

1. c4 c6 2. g3 d5 3. Bg2 dxc4 4. Nf3 g6 5. Na3 b5 6. Nxb5 cxb5 7. Ng1 Bg7 8.
Bxa8 Nf6 9. Bg2 Nbd7 10. Nf3 Nc5 11. O-O Nfe4 12. Re1 Qd5 13. d3 1/2-1/2

[Event "I Festival"]
[Site "Perugia ITA"]
[Date "2009.07.03"]
[Round "9"]
[White "Cerina, Antonio"]
[Black "Cicioni, Luigi"]
[Result "1-0"]
[WhiteElo "1370"]
[BlackElo "1771"]
[PlyCount "101"]
[EventDate "2009.06.27"]

1. e4 c5 2. Nf3 e6 3. d4 cxd4 4. Nxd4 Nf6 5. Bd3 Nc6 6. Nxc6 bxc6 7. c4 Qa5+ 8.
Bd2 Bb4 9. a3 Bxd2+ 10. Qxd2 Qe5 11. Nc3 d5 12. f4 Qc7 13. e5 Nd7 14. cxd5 exd5
15. Rc1 Nc5 16. Bc2 Qb6 17. b4 Ne6 18. Ba4 O-O 19. Bxc6 Qxc6 20. Nxd5 Qe8 21.
f5 Nd8 22. Qf4 Bb7 23. Nc7 Qa4 24. Nxa8 Bxa8 25. Qg3 Re8 26. O-O a5 27. Rc4 Qb5
28. Rg4 Qxe5 29. bxa5 Qxg3 30. Rxg3 f6 31. Rc3 Nf7 32. Rc7 Ne5 33. Rfc1 h5 34.
Rc8 Kf7 35. Rxe8 Kxe8 36. Rc8+ Kd7 37. Rxa8 Kc6 38. Ra7 Nd7 39. h4 Kd6 40. Kf2
Kc6 41. Ke3 Kd6 42. Kd4 Ne5 43. Rxg7 Nc6+ 44. Kc4 Nxa5+ 45. Kb5 Nc6 46. Rh7
Nd4+ 47. Kb6 Nxf5 48. Rxh5 Ng7 49. Rh6 Ke5 50. a4 Nf5 51. Rh5 1-0

[Event "I Festival"]
[Site "Perugia ITA"]
[Date "2009.07.03"]
[Round "9"]
[White "Colabrese, Cary"]
[Black "Maddaloni, Giovanni"]
[Result "0-1"]
[WhiteElo "1588"]
[BlackElo "1812"]
[PlyCount "48"]
[EventDate "2009.06.27"]

1. d4 Nf6 2. c4 e5 3. e3 exd4 4. exd4 Bb4+ 5. Bd2 a5 6. a3 Bxd2+ 7. Nxd2 O-O 8.
Be2 Re8 9. Ngf3 d5 10. O-O Bf5 11. cxd5 Nxd5 12. Bc4 Nb6 13. Ba2 Nc6 14. Re1
Rxe1+ 15. Qxe1 Nxd4 16. Rc1 Nc6 17. Ne4 Bxe4 18. Qxe4 Qf6 19. Bb1 g6 20. h4 Rd8
21. Ng5 Nc8 22. Bc2 Nd6 23. Qe2 Re8 24. Qg4 Qxb2 0-1

[Event "I Festival"]
[Site "Perugia ITA"]
[Date "2009.07.03"]
[Round "9"]
[White "Cuppone, Damiano"]
[Black "Romano, Claudio"]
[Result "1-0"]
[WhiteElo "1933"]
[BlackElo "1572"]
[PlyCount "69"]
[EventDate "2009.06.27"]

1. d4 e6 2. c4 d5 3. Nc3 Nf6 4. cxd5 Nxd5 5. e4 Nxc3 6. bxc3 a6 7. Nf3 Be7 8.
a4 c5 9. Bc4 O-O 10. O-O Nd7 11. Qe2 Nf6 12. Rd1 Qc7 13. Ne5 Rd8 14. Bf4 Qa5
15. Rd3 b5 16. Nc6 bxc4 17. Nxa5 cxd3 18. Qxd3 Bd7 19. Nb7 Rdc8 20. Nxc5 Bc6
21. f3 Ne8 22. Nxa6 g5 23. Bg3 h5 24. h4 gxh4 25. Bf4 Ng7 26. a5 Be8 27. Nb4 f5
28. a6 Kf7 29. a7 h3 30. gxh3 h4 31. Be5 Nh5 32. exf5 exf5 33. Qxf5+ Nf6 34.
Bxf6 Bxf6 35. Ra6 1-0

[Event "I Festival"]
[Site "Perugia ITA"]
[Date "2009.07.03"]
[Round "9"]
[White "Lazic, Miroljub"]
[Black "Laketic, Gojko"]
[Result "1/2-1/2"]
[WhiteElo "2438"]
[BlackElo "2457"]
[PlyCount "20"]
[EventDate "2009.06.27"]

1. e4 e5 2. Nf3 Nc6 3. Bc4 Bc5 4. c3 Nf6 5. d3 d6 6. Bb3 a6 7. O-O Ba7 8. Nbd2
O-O 9. h3 h6 10. Re1 Be6 1/2-1/2

[Event "I Festival"]
[Site "Perugia ITA"]
[Date "2009.07.03"]
[Round "9"]
[White "Mogranzini, Roberto"]
[Black "Malfagia, Andrea"]
[Result "0-1"]
[WhiteElo "2422"]
[BlackElo "2282"]
[PlyCount "68"]
[EventDate "2009.06.27"]

1. e4 c6 2. d4 d5 3. Nc3 dxe4 4. Nxe4 Bf5 5. Ng3 Bg6 6. h4 h6 7. Nf3 Nd7 8. h5
Bh7 9. Bd3 Bxd3 10. Qxd3 e6 11. Bd2 Ngf6 12. O-O-O Qc7 13. Ne4 Be7 14. g3 O-O
15. Kb1 c5 16. Bf4 Qb6 17. Nxf6+ Nxf6 18. Be5 Rfd8 19. Qe2 Rac8 20. dxc5 Qxc5
21. Bd4 Qc7 22. b3 b5 23. Be5 Qc5 24. Bd4 Rxd4 25. Rxd4 Nd5 26. Rxd5 Qxd5 27.
Qd3 Qc5 28. Nd2 Rd8 29. Qe2 Qd5 30. Nf3 Bf6 31. g4 e5 32. c3 Qd3+ 33. Qxd3 Rxd3
34. Rh3 e4 0-1

[Event "I Festival"]
[Site "Perugia ITA"]
[Date "2009.07.03"]
[Round "9"]
[White "Nepi, Ezio"]
[Black "Seravelli, Paolo"]
[Result "1-0"]
[WhiteElo "1848"]
[BlackElo "1804"]
[PlyCount "75"]
[EventDate "2009.06.27"]

1. d4 d5 2. c4 c6 3. Nc3 Nf6 4. e3 e6 5. Qc2 Be7 6. b3 O-O 7. Nf3 h6 8. Bd3
Nbd7 9. O-O Bd6 10. e4 dxe4 11. Nxe4 Nxe4 12. Bxe4 f5 13. Bd3 Nf6 14. Bb2 Bc7
15. Rfe1 Bd7 16. Rad1 Rc8 17. Qe2 Qe8 18. Ne5 Ng4 19. Nxg4 fxg4 20. Qxg4 Qf7
21. Qe2 Rce8 22. Ba3 Qf6 23. Bxf8 Rxf8 24. c5 Kh8 25. Bb1 Qh4 26. g3 Qg5 27.
Rd3 h5 28. Rf3 Rxf3 29. Qxf3 Kg8 30. Qe4 e5 31. dxe5 Be6 32. Bd3 Bd5 33. Bc4
Qd2 34. e6 Bxe4 35. e7+ Kh7 36. Rxe4 Qd1+ 37. Kg2 h4 38. Rxh4+ 1-0

[Event "I Festival"]
[Site "Perugia ITA"]
[Date "2009.07.03"]
[Round "9"]
[White "Pichler, Christoph"]
[Black "Schiappoli, Dario"]
[Result "1/2-1/2"]
[WhiteElo "1831"]
[BlackElo "1959"]
[PlyCount "30"]
[EventDate "2009.06.27"]

1. e4 c5 2. Nf3 d6 3. d4 cxd4 4. Nxd4 Nf6 5. Nc3 a6 6. Bg5 e6 7. f4 Be7 8. Qf3
Qc7 9. O-O-O O-O 10. g4 Nc6 11. h4 Nxd4 12. Rxd4 b5 13. Rd3 b4 14. Ne2 Bb7 15.
Bxf6 Rfc8 1/2-1/2

[Event "I Festival"]
[Site "Perugia ITA"]
[Date "2009.07.03"]
[Round "9"]
[White "Ricci, Alfredo"]
[Black "Buratti, Marco"]
[Result "0-1"]
[WhiteElo "2024"]
[BlackElo "2037"]
[PlyCount "56"]
[EventDate "2009.06.27"]

1. e4 e5 2. Nf3 Nc6 3. d4 exd4 4. c3 d3 5. Bxd3 Bc5 6. O-O d6 7. c4 Bg4 8. h3
Bxf3 9. Qxf3 Qh4 10. Nc3 Ne5 11. Qe2 Nf6 12. Nd5 O-O-O 13. b4 Nxd5 14. bxc5 Nc3
15. Qc2 dxc5 16. Qxc3 Nxd3 17. f3 f5 18. exf5 Rhe8 19. Bd2 Re2 20. Be1 Qg5 21.
Bf2 Nf4 22. g4 Nxh3+ 23. Kg2 Nf4+ 24. Kg3 h5 25. Rab1 hxg4 26. Rb2 gxf3+ 27.
Kxf3 Qg2+ 28. Kxf4 Re4# 0-1

[Event "I Festival"]
[Site "Perugia ITA"]
[Date "2009.07.03"]
[Round "9"]
[White "Saponara, Nicola"]
[Black "Burani, Eugenio"]
[Result "1-0"]
[WhiteElo "1808"]
[BlackElo "1993"]
[PlyCount "91"]
[EventDate "2009.06.27"]

1. e4 c5 2. Nf3 Nf6 3. Nc3 Nc6 4. d4 cxd4 5. Nxd4 e5 6. Ndb5 d6 7. Bg5 a6 8.
Na3 b5 9. Nd5 Be7 10. Bxf6 Bxf6 11. c3 Be6 12. Nc2 Bxd5 13. Qxd5 Ne7 14. Qb3 d5
15. O-O-O d4 16. cxd4 exd4 17. f4 Nc6 18. Be2 Qb6 19. e5 Be7 20. Kb1 O-O 21.
Bf3 Na5 22. Qd3 Rad8 23. h4 Nc4 24. b3 Ne3 25. Rd2 Nxc2 26. Rxc2 Bb4 27. g4 Rc8
28. Rhc1 Rc3 29. Rxc3 dxc3 30. Be4 Rd8 31. Qf3 Rd2 32. Bc2 g6 33. h5 Qa5 34.
hxg6 Qa3 35. gxf7+ Kg7 36. f8=Q+ Bxf8 37. Qxc3 Bb4 38. Qc7+ Be7 39. Rh1 h6 40.
Qc6 Rxc2 41. Qxh6+ Kf7 42. e6+ Ke8 43. Qg6+ Kd8 44. Rd1+ Bd6 45. Kxc2 Qb4 46.
Qh7 1-0

[Event "I Festival"]
[Site "Perugia ITA"]
[Date "2009.07.03"]
[Round "9"]
[White "Tanasa, Remus"]
[Black "Bove, Alessandro"]
[Result "1/2-1/2"]
[WhiteElo "2026"]
[BlackElo "2297"]
[PlyCount "58"]
[EventDate "2009.06.27"]

1. c4 e6 2. Nf3 Nf6 3. g3 c5 4. Bg2 Nc6 5. O-O Be7 6. d4 d5 7. cxd5 exd5 8. Nc3
O-O 9. Bf4 Be6 10. dxc5 Bxc5 11. Rc1 Rc8 12. Na4 Be7 13. Nd4 Nxd4 14. Qxd4 b6
15. b4 Qd7 16. Nb2 Qb5 17. Nd3 Rc4 18. Qb2 Rfc8 19. a3 Qa4 20. e3 h6 21. Bf3
Rc2 22. Bd1 Rxb2 23. Bxa4 Ra2 24. Ra1 Rxa1 25. Rxa1 Rc3 26. Nc1 a5 27. Be5 Rc8
28. Nd3 Bf5 29. Rd1 Bxd3 1/2-1/2

[Event "I Festival"]
[Site "Perugia ITA"]
[Date "2009.07.03"]
[Round "9"]
[White "Vuelban, Virgilio"]
[Black "Damia, Angelo"]
[Result "1-0"]
[WhiteElo "2422"]
[BlackElo "2235"]
[PlyCount "133"]
[EventDate "2009.06.27"]

1. e4 Nf6 2. e5 Nd5 3. d4 d6 4. Nf3 g6 5. Bc4 Nb6 6. Bb3 Bg7 7. Ng5 d5 8. f4 h6
9. Nf3 Bg4 10. h3 Bxf3 11. Qxf3 Nc6 12. c3 Qd7 13. a4 a5 14. Na3 e6 15. O-O Ne7
16. Nc2 h5 17. Ne3 Nf5 18. Bc2 Nc8 19. Bd2 h4 20. Ng4 Nce7 21. Rfe1 Kf8 22.
Red1 Ng3 23. Be3 Nef5 24. Bf2 Kg8 25. Ne3 Nxe3 26. Qxe3 Nf5 27. Qf3 Bf8 28.
Bxf5 exf5 29. c4 Rd8 30. Qb3 Bb4 31. c5 Kg7 32. Be1 Bxe1 33. Rxe1 Qc6 34. Rac1
Rhe8 35. Qc3 Qa6 36. Re3 Re6 37. Qe1 b5 38. Qxh4 Rh8 39. Qf2 bxa4 40. Ra3 Qb5
41. Rca1 Rb8 42. Rxa4 Qd3 43. R4a3 Qc4 44. Rxa5 Rb4 45. Rd1 Re8 46. Ra7 Reb8
47. Rd2 Qc1+ 48. Kh2 R8b7 49. Rxb7 Rxb7 50. Re2 Rb8 51. e6 Re8 52. e7 Qc4 53.
Qe3 f6 54. g4 fxg4 55. hxg4 Qa6 56. Kg2 Kf7 57. f5 gxf5 58. gxf5 Rg8+ 59. Kf2
Ke8 60. Qh3 Kd7 61. Qh5 Re8 62. Qf7 Qxe2+ 63. Kxe2 Rxe7+ 64. Qxe7+ Kxe7 65. b4
c6 66. Kf3 Kd7 67. Kg4 1-0

[Event "C.to Italiano U10 femminile"]
[Site "Courmayeur ITA"]
[Date "2009.06.30"]
[Round "2"]
[White "Dalla Vecchia, Angela"]
[Black "Lazzarini, Irene"]
[Result "0-1"]
[WhiteElo "1470"]
[BlackElo "1416"]
[PlyCount "62"]
[EventDate "2009.06.29"]

1. e4 e5 2. Nf3 Nf6 3. Nxe5 d6 4. Nf3 Nxe4 5. Nc3 Nxc3 6. bxc3 d5 7. d4 Bd6 8.
h3 O-O 9. Bd3 Be6 10. O-O Nd7 11. Be3 Nf6 12. Re1 Ne4 13. Bxe4 dxe4 14. Nd2 Bf5
15. Nc4 Be7 16. Rb1 Rb8 17. d5 b5 18. Ne5 Qd6 19. Ng4 h5 20. Nh2 Qe5 21. Bd4
Qf4 22. g3 Qg5 23. h4 Qg6 24. Bxa7 Rb7 25. Bd4 Bxh4 26. Re3 Bg5 27. Re1 Bh3 28.
c4 Bh4 29. Re3 f5 30. Nf1 f4 31. Reb3 e3 0-1

[Event "C.to Italiano U12"]
[Site "Courmayeur ITA"]
[Date "2009.06.30"]
[Round "2"]
[White "Pezzella, Simone"]
[Black "Geuna, Pietro"]
[Result "0-1"]
[WhiteElo "1395"]
[BlackElo "1446"]
[PlyCount "126"]
[EventDate "2009.06.29"]

1. d4 Nf6 2. c4 e6 3. Bg5 b6 4. Nc3 Be7 5. e4 d5 6. e5 Nfd7 7. Bxe7 Qxe7 8.
cxd5 O-O 9. Bd3 Bb7 10. Be4 Qb4 11. Qd2 c5 12. dxe6 Bxe4 13. exf7+ Rxf7 14.
Nxe4 Qxd2+ 15. Nxd2 Re7 16. Ngf3 cxd4 17. Nc4 Nc6 18. O-O-O Rc8 19. Rhe1 Kf8
20. e6 Nc5 21. Ng5 h6 22. Nf3 Nxe6 23. Nfe5 Nxe5 24. Rxe5 Rxc4+ 25. Kb1 Kf7 26.
Rde1 Rcc7 27. Rf5+ Kg6 28. Rfe5 Kf6 29. g4 Rcd7 30. Rf5+ Kg6 31. Rfe5 Rd6 32.
h4 Kf7 33. f4 Rdd7 34. g5 Nc5 35. f5 Nd3 36. Rxe7+ Rxe7 37. Rf1 Re1+ 38. Rxe1
Nxe1 39. Kc1 Nf3 40. g6+ Kf6 41. h5 Kxf5 42. Kc2 Kg5 43. b4 Kxh5 44. a4 Kg4 45.
a5 bxa5 46. bxa5 Kg3 47. a6 Kg2 48. Kd3 h5 49. Ke4 h4 50. Kf5 h3 51. Ke6 h2 52.
Kf7 h1=Q 53. Kxg7 Kf2 54. Kf8 Qg1 55. g7 Qxg7+ 56. Kxg7 d3 57. Kf7 d2 58. Kg8
d1=Q 59. Kh8 Qg1 60. Kh7 Ke3 61. Kh6 Kf4 62. Kh7 Kf5 63. Kh8 Kf6 0-1

[Event "C.to Italiano U12"]
[Site "Courmayeur ITA"]
[Date "2009.07.03"]
[Round "6"]
[White "Gomez Serito, Guglielmo"]
[Black "Iannello, Antonio"]
[Result "1/2-1/2"]
[WhiteElo "1371"]
[BlackElo "1446"]
[PlyCount "117"]
[EventDate "2009.06.29"]

1. e4 c5 2. Nf3 d6 3. d4 cxd4 4. Nxd4 Nf6 5. Nc3 a6 6. Bc4 b5 7. Bd3 e5 8. Nf3
Be7 9. O-O O-O 10. Be3 Bb7 11. Qd2 Nbd7 12. Bg5 Rc8 13. a3 Nc5 14. Bxf6 Bxf6
15. b4 Nxd3 16. cxd3 Qc7 17. Rfc1 Qe7 18. a4 Qd7 19. d4 exd4 20. Nxd4 Bc6 21.
a5 h6 22. Rc2 Rfe8 23. f3 Qa7 24. Rd1 Bd7 25. Kf1 Be6 26. Nxe6 Rxe6 27. Nd5
Rxc2 28. Nxf6+ Rxf6 29. Qxc2 Qb7 30. e5 Re6 31. Rxd6 Re8 32. Qc6 Qxc6 33. Rxc6
Ra8 34. e6 fxe6 35. Rxe6 Kf7 36. Rb6 Ke7 37. Kf2 Rc8 38. Rxa6 Rc2+ 39. Kg3 Rb2
40. Rb6 Rxb4 41. a6 Kd7 42. a7 Ra4 43. Rb7+ Kc6 44. Rxg7 Kb6 45. f4 Rxa7 46.
Rxa7 Kxa7 47. f5 b4 48. f6 b3 49. f7 b2 50. f8=Q b1=Q 51. Qg7+ Kb6 52. Qxh6+
Ka7 53. Qf4 Qd3+ 54. Qf3 Qg6+ 55. Kf2 Qc2+ 56. Kg1 Qb1+ 57. Qf1 Qb3 58. h4 Qg8
59. Kh2 1/2-1/2

[Event "C.to Italiano U12"]
[Site "Courmayeur ITA"]
[Date "2009.07.03"]
[Round "7"]
[White "Geuna, Pietro"]
[Black "Piazza, Dario"]
[Result "1-0"]
[WhiteElo "1446"]
[BlackElo "1521"]
[PlyCount "115"]
[EventDate "2009.06.29"]

1. e4 e5 2. Nf3 Nc6 3. Bb5 Bc5 4. O-O Nge7 5. Nc3 a6 6. Ba4 b5 7. Bb3 d6 8. Nd5
Na5 9. Nxe7 Qxe7 10. c3 Nxb3 11. Qxb3 Be6 12. Qc2 O-O 13. d4 exd4 14. cxd4 Bb6
15. Bf4 Bc4 16. Rfe1 Rac8 17. d5 c6 18. b3 cxd5 19. exd5 Qa7 20. bxc4 Rxc4 21.
Qd2 Rxf4 22. Qxf4 Bxf2+ 23. Kf1 Bxe1 24. Rxe1 Qc5 25. Rd1 Rc8 26. Qd4 Qc4+ 27.
Qxc4 bxc4 28. Nd4 g6 29. Nc6 Re8 30. Rc1 Re4 31. Na5 Rd4 32. Nc6 Re4 33. Kf2 f5
34. h3 h5 35. Re1 Rf4+ 36. Kg3 g5 37. a4 h4+ 38. Kh2 c3 39. a5 Re4 40. Rxe4
fxe4 41. Nb4 e3 42. Kg1 Kf7 43. Kf1 Kf6 44. Ke2 Kf5 45. Kxe3 Ke5 46. Kd3 Kf4
47. Kxc3 Kg3 48. Nxa6 Kxg2 49. Nc7 Kxh3 50. a6 g4 51. a7 g3 52. a8=Q g2 53. Qa1
Kh2 54. Qb2 Kh1 55. Qf2 h3 56. Qh4 h2 57. Qe4 Kg1 58. Qe1# 1-0

[Event "C.to Italiano U12"]
[Site "Courmayeur ITA"]
[Date "2009.07.03"]
[Round "7"]
[White "Pizziconi, Alessio"]
[Black "Gomez Serito, Guglielmo"]
[Result "0-1"]
[WhiteElo "1431"]
[BlackElo "1371"]
[PlyCount "86"]
[EventDate "2009.06.29"]

1. e4 e6 2. d4 d5 3. e5 c5 4. c3 Nc6 5. Nf3 Qb6 6. Qb3 cxd4 7. Qxb6 axb6 8.
cxd4 Bd7 9. Bg5 Nb4 10. Na3 Rxa3 11. bxa3 Nc2+ 12. Kd2 Nxa1 13. Bd3 Bxa3 14.
Rxa1 Be7 15. Bxe7 Nxe7 16. Rb1 Nc8 17. Ng5 h6 18. Nf3 O-O 19. g4 f6 20. Rg1
fxe5 21. Nxe5 Be8 22. Ke2 Nd6 23. Rb1 b5 24. Ng6 Bxg6 25. Bxg6 Rf4 26. Bd3 Rxd4
27. Bxb5 Nxb5 28. Rxb5 Rxg4 29. Rxb7 Ra4 30. Rb2 Kf7 31. Kd3 Kf6 32. Kc3 Ke5
33. Kb3 Ra7 34. a4 Rb7+ 35. Ka3 Rxb2 36. Kxb2 Kd6 37. Kb3 Kc6 38. Kc3 e5 39.
Kb4 g6 40. a5 g5 41. h3 h5 42. a6 Kb6 43. a7 Kxa7 0-1

[Event "C.to Italiano U12"]
[Site "Courmayeur ITA"]
[Date "2009.07.04"]
[Round "8"]
[White "Messina, Salvatore"]
[Black "Geuna, Pietro"]
[Result "0-1"]
[WhiteElo "1527"]
[BlackElo "1446"]
[PlyCount "46"]
[EventDate "2009.06.29"]

1. d4 Nf6 2. c4 e6 3. Nc3 Bb4 4. Nf3 O-O 5. Bg5 b6 6. e4 d6 7. Qc2 h6 8. Bh4 e5
9. dxe5 dxe5 10. Nxe5 Re8 11. Bxf6 Qxf6 12. Nf3 Bb7 13. Bd3 Nd7 14. O-O Bxc3
15. bxc3 Nc5 16. Nd2 Rad8 17. Be2 Nxe4 18. Nxe4 Bxe4 19. Qb2 Qg5 20. f3 Rd2 21.
Qb5 Re5 22. c5 Bd3 23. Qc6 Rexe2 0-1

[Event "C.to Italiano U12 femminile"]
[Site "Courmayeur ITA"]
[Date "2009.07.02"]
[Round "5"]
[White "Mancin, Giulia"]
[Black "Lazzarini, Sabrina"]
[Result "1-0"]
[WhiteElo "1488"]
[BlackElo "1356"]
[PlyCount "57"]
[EventDate "2009.06.29"]

1. d4 d5 2. Nf3 Nf6 3. c4 dxc4 4. e3 e6 5. Bxc4 Bb4+ 6. Nc3 O-O 7. O-O Qd6 8.
Bd2 a6 9. Qb3 b5 10. Nxb5 axb5 11. Bxb4 Qb6 12. Bxb5 Qxb5 13. Bxf8 Qxb3 14.
axb3 Rxa1 15. Rxa1 Kxf8 16. Ra8 Nfd7 17. Ne5 Ke7 18. Nxd7 Bxd7 19. Rxb8 Kd6 20.
Rh8 h6 21. Rh7 f5 22. Rxg7 h5 23. h3 e5 24. dxe5+ Kxe5 25. Rxd7 c5 26. Kf1 Ke4
27. Ke2 f4 28. exf4 Kxf4 29. Rd5 1-0

[Event "C.to Italiano U14"]
[Site "Courmayeur ITA"]
[Date "2009.06.29"]
[Round "1"]
[White "Altini, Nicola"]
[Black "Sacco, Eugenio"]
[Result "1-0"]
[WhiteElo "2068"]
[BlackElo "1449"]
[PlyCount "113"]
[EventDate "2009.06.29"]

1. Nf3 d5 2. d4 Nf6 3. e3 e6 4. Bd3 c5 5. b3 a6 6. O-O b5 7. a4 c4 8. Be2 Bd7
9. axb5 Bxb5 10. bxc4 Bxc4 11. Bxc4 dxc4 12. Ne5 Qc7 13. c3 Bd6 14. Qa4+ Nbd7
15. f4 O-O 16. Nxc4 Nb6 17. Nxb6 Qxb6 18. Nd2 Ng4 19. Nc4 Qc7 20. h3 Nh6 21.
Nxd6 Qxc3 22. Ne4 Qd3 23. Nc5 Qg6 24. e4 a5 25. Qb5 Rfc8 26. Rxa5 Rab8 27. Qa6
Rd8 28. Qa7 Rbc8 29. Nb7 Rc2 30. Rg5 Qxe4 31. Nxd8 Rxc1 32. Rxc1 Qe3+ 33. Kh2
Qxf4+ 34. Rg3 Ng4+ 35. hxg4 Qh6+ 36. Kg1 Qxc1+ 37. Kf2 Qd2+ 38. Kf3 Qd3+ 39.
Kf2 Qd2+ 40. Kg1 Qc1+ 41. Kh2 Qh6+ 42. Rh3 Qf4+ 43. Kg1 Qc1+ 44. Kf2 Qd2+ 45.
Kf3 Qc3+ 46. Kf4 Qd2+ 47. Ke5 Qg5+ 48. Kd6 Qxd8+ 49. Qd7 Qb6+ 50. Ke7 Qb4+ 51.
Kd8 Qb6+ 52. Ke8 Qb8+ 53. Qd8 Qb7 54. Rc3 h6 55. Qd7 Qxd7+ 56. Kxd7 g6 57. Ke7
1-0

[Event "C.to Italiano U14"]
[Site "Courmayeur ITA"]
[Date "2009.06.29"]
[Round "1"]
[White "Engl, Alexander"]
[Black "De Filomeno, Simone"]
[Result "0-1"]
[WhiteElo "1449"]
[BlackElo "2229"]
[PlyCount "50"]
[EventDate "2009.06.29"]

1. d4 Nf6 2. Bf4 g6 3. e3 Bg7 4. Nf3 O-O 5. Nbd2 d6 6. c3 Nh5 7. Bg3 Nd7 8. Be2
Nxg3 9. hxg3 e5 10. Qc2 Qe7 11. Nb3 Nf6 12. O-O-O Bf5 13. Qd2 a5 14. Nh4 Be6
15. c4 a4 16. Na1 Ne4 17. Qe1 exd4 18. exd4 d5 19. c5 b6 20. cxb6 Qd6 21. Bb5
Ra5 22. Qe2 Qb4 23. Bd3 Bxd4 24. Bxe4 dxe4 25. Rd2 Bxa2 0-1